All Country Flags of the World (Randomized) - Statistics

General Stats
  • This quiz has been taken 127 times
  • The average score is 173 of 196
Answer Stats
Picture Answer % Correct
Cambodia
96%
Austria
94%
Chile
94%
Croatia
94%
Cuba
94%
Denmark
94%
Egypt
94%
Greece
94%
India
94%
Iran
94%
Netherlands
94%
Nigeria
94%
Panama
94%
Romania
94%
Saudi Arabia
94%
South Africa
94%
Tunisia
94%
United States
94%
Yemen
94%
Afghanistan
91%
Albania
91%
Algeria
91%
Australia
91%
Azerbaijan
91%
Bangladesh
91%
Barbados
91%
Belgium
91%
China
91%
Costa Rica
91%
Cyprus
91%
Czech Republic
91%
Dominica
91%
Dominican Republic
91%
Fiji
91%
France
91%
Georgia
91%
Germany
91%
Iceland
91%
Indonesia
91%
Iraq
91%
Israel
91%
Jamaica
91%
Japan
91%
Kenya
91%
Latvia
91%
Liberia
91%
Luxembourg
91%
Malta
91%
Mexico
91%
Morocco
91%
Myanmar
91%
Niger
91%
Peru
91%
Poland
91%
Portugal
91%
Singapore
91%
Slovakia
91%
Slovenia
91%
Spain
91%
St. Lucia
91%
Sweden
91%
Switzerland
91%
Taiwan
91%
Uganda
91%
Ukraine
91%
Uruguay
91%
Uzbekistan
91%
Vietnam
91%
Andorra
89%
Angola
89%
Antigua and Barbuda
89%
Bhutan
89%
Bosnia & Herzegovina
89%
Brazil
89%
Brunei
89%
Canada
89%
Chad
89%
Colombia
89%
D.R. Congo
89%
Finland
89%
Guatemala
89%
Haiti
89%
Honduras
89%
Hungary
89%
Italy
89%
Kazakhstan
89%
Kosovo
89%
Lebanon
89%
Lithuania
89%
Marshall Islands
89%
Moldova
89%
Monaco
89%
Nicaragua
89%
North Macedonia
89%
Norway
89%
Oman
89%
Pakistan
89%
Paraguay
89%
Philippines
89%
Qatar
89%
San Marino
89%
Somalia
89%
South Korea
89%
Sri Lanka
89%
Tanzania
89%
Thailand
89%
Turkey
89%
Turkmenistan
89%
Tuvalu
89%
United Kingdom
89%
Vatican City
89%
Venezuela
89%
Argentina
87%
Armenia
87%
Bahamas
87%
Belarus
87%
Belize
87%
Botswana
87%
Bulgaria
87%
Central African Republic
87%
Comoros
87%
Ecuador
87%
Estonia
87%
Eswatini
87%
Ethiopia
87%
Ghana
87%
Ireland
87%
Ivory Coast
87%
Kiribati
87%
Kyrgyzstan
87%
Laos
87%
Lesotho
87%
Liechtenstein
87%
Malaysia
87%
Maldives
87%
Mongolia
87%
Montenegro
87%
Nepal
87%
New Zealand
87%
North Korea
87%
Palau
87%
Senegal
87%
Serbia
87%
South Sudan
87%
Suriname
87%
Syria
87%
Tonga
87%
Trinidad & Tobago
87%
United Arab Emirates
87%
Burundi
85%
East Timor
85%
El Salvador
85%
F.S. of Micronesia
85%
Gabon
85%
Grenada
85%
Guyana
85%
Jordan
85%
Kuwait
85%
Mali
85%
Russia
85%
Samoa
85%
St. Vincent and the Grenadines
85%
Tajikistan
85%
Togo
85%
Zambia
85%
Zimbabwe
85%
Bahrain
83%
Burkina Faso
83%
Cameroon
83%
Djibouti
83%
Libya
83%
Madagascar
83%
Mauritania
83%
Mauritius
83%
Nauru
83%
Papua New Guinea
83%
Rep. of the Congo
83%
Seychelles
83%
Sudan
83%
Cape Verde
81%
Equatorial Guinea
81%
Eritrea
81%
Guinea
81%
Guinea-Bissau
81%
Malawi
81%
Mozambique
81%
Sierra Leone
81%
St. Kitts & Nevis
81%
Benin
79%
Bolivia
79%
Gambia
79%
Namibia
79%
Rwanda
79%
Solomon Islands
79%
Sao Tome & Principe
77%
Vanuatu
74%
No matching quizzes found
Score Distribution
Percent of People with Each Score
Percentile by Number Answered
Your Score History
You have not taken this quiz